Statistics for US Sandwich States

Click here to take the quiz!

General Stats

  • This quiz has been taken 25 times
  • The average score is 6 of 10

Answer Stats

States Answer % Correct
Delaware/GeorgiaFlorida
91%
Ohio/OregonOklahoma
83%
Texas/VermontUtah
78%
Hawaii/IllinoisIdaho
65%
Iowa/KentuckyKansas
65%
Montana/NevadaNebraska
57%
Michigan/MississippiMinnesota
57%
Missouri/NebraskaMontana
48%
Maine/MassachusettsMaryland
48%
Alaska/ArkansasArizona
35%

Score Distribution

Percentile by Number Answered

Percent of People with Each Score

Your Score History

You have not taken this quiz